000 00445 a2200157 4500
003 OSt
005 20240116152033.0
008 240116b |||||||| |||| 00| 0 eng d
040 _coclc
082 _a920
_bKAR/A
100 _a Karakunnu, Sheikh Mohammed
_91839
245 _aAbudar al gifari /
_cShaikh Muhammed Karakunnu
260 _aKerala:
_bIPH,
_c2008.
300 _a46p
942 _2ddc
_cBK
_h920
_iKAR/A
_k920
_mKAR/A
999 _c43215
_d43215